Normal view
MARC view
Entry Topical Term
001 - CONTROL NUMBER
- control field: 17688
003 - CONTROL NUMBER IDENTIFIER
- control field: dpl
005 - DATE AND TIME OF LATEST TRANSACTION
- control field: 20100831124135.0
008 - FIXED-LENGTH DATA ELEMENTS
- fixed length control field: 100831|||a|||||| | ||| d
040 ## - CATALOGING SOURCE
- Original cataloging agency: dpl
- Transcribing agency: dpl
150 ## - HEADING--TOPICAL TERM
- Topical term or geographic name as entry element: ललित लेख
670 ## - SOURCE DATA FOUND
- Source citation: Work cat.: (dpl)43175: ग्रेस 17687, कावडे उडाले स्वामी /, 2010
670 ## - SOURCE DATA FOUND
- Source citation: Work cat.: (dpl)43175: ग्रेस 17687, कावडे उडाले स्वामी /, 2010
